000 01420nam a22003977a 4500
003 OSt
005 20230519095524.0
008 221006b |||||||| |||| 00| 0 eng d
040 _cBiblioteca Lado V
082 _a701.18
_bA658t
100 _9828
_aAraeen, Rasheed
_eeditora
245 _aThird Text/
_bCriticalPerspectives on Contemporary Art & Culture/
260 _bRoutledge
_c2001
_aLondres
300 _c19x25cm
_a112p.
366 _eeng
490 _a53
_v2001
_x0952-8822
505 _aE San Juan jr
505 _aOsman Jamal
505 _aHenry A Giroux
505 _aKymberly N Pinder
505 _aPatrick Frank
505 _aKathleen Mary Fallon
505 _aJenni Sorkin
505 _aClaudia Wegener
505 _aForum
_gXiaoping Lin Nikos Paperstergiadis Jan Nederveen Pieterse
505 _aReviews
_gBrian Holmes Pennina Barnett Sophia Phoca Bisi Silva Paul O'Kane
505 _aContributors
650 _2Tesauro de Arte & Arquitectura
_aARTE
_9703
650 _2Tesauro de Arte & Arquitectura
_aCRITICA
650 _2Tesauro de Arte & Arquitectura
_aARTE CONTEMPORANEO
650 _2Tesauro de Arte & Arquitectura
_aAPRECIACION
650 _2Tesauro de Arte & Arquitectura
_aTEORIA
650 _2Tesauro de Arte & Arquitectura
_aANALISIS
651 _2Tesauro de Arte & Arquitectura
_aLONDRES
942 _2ddc
_c1
_h701.18
_iA658t
_n0
999 _c3640
_d3640